000 00775cam1a220026500 4500
001 lce00005366
008 751104s1976 cau b 001 0 eng
010 _a 75038643
020 _a0471038490
035 _a(Sirsi) r93422
035 _a(DLC) 75038643
035 _a(UPRA)lce00005366
040 _dUPRA
050 0 _aHB171.5
_b.A87
082 _a330
100 1 _aAwh, Robert Y.
_6A52162.1
245 1 0 _aMicroeconomics :
_btheory and applications /
_cRobert Y. Awh.
260 _aSanta Barbara [CA] :
_bWiley,
_cc1976.
500 _a"A Wiley/Hamilton publication."
504 _aIncludes bibliographical references and index.
650 0 _aMicroeconomics.
_6S117.1
949 _aHB171.5
_wlcc
_mMAIN
_tBOOK
_lON-SHELF
004 93422
987 _aWITHDRAWN.
999 _c130364
_d130364